<?xml version="1.0" encoding="UTF-8"?>
<collection xmlns="http://www.loc.gov/MARC21/slim">
 <record>
  <leader>01116nam a22002415a 4500</leader>
  <controlfield tag="001">CEM.cems011965</controlfield>
  <controlfield tag="005">20070515115428.0</controlfield>
  <controlfield tag="008">130507s2002##################000#0#####d</controlfield>
  <controlfield tag="003">CEMS</controlfield>
  <datafield tag="020" ind1=" " ind2=" ">
   <subfield code="a">9507821716</subfield>
  </datafield>
  <datafield tag="082" ind1="0" ind2="4">
   <subfield code="a">918.204</subfield>
  </datafield>
  <datafield tag="245" ind1="0" ind2="0">
   <subfield code="a">Buenos aires, miniturismo :</subfield>
   <subfield code="b"> guías visuales de la argentina</subfield>
  </datafield>
  <datafield tag="260" ind1=" " ind2=" ">
   <subfield code="a">Buenos Aires :</subfield>
   <subfield code="b">Clarín,</subfield>
   <subfield code="c">2002</subfield>
  </datafield>
  <datafield tag="300" ind1=" " ind2=" ">
   <subfield code="a">143 p.</subfield>
  </datafield>
  <datafield tag="490" ind1="0" ind2=" ">
   <subfield code="a">Bilioteca Clarín. Serie guías visuales de la Argentina</subfield>
  </datafield>
  <datafield tag="500" ind1=" " ind2=" ">
   <subfield code="a">Guía de viajes y turismo.</subfield>
  </datafield>
  <datafield tag="505" ind1="0" ind2=" ">
   <subfield code="a">Campo y tradición : las costumbres criollas bonaerenses  -- Itinerarios : mapas ilustrados y dibujos tridimensionales  -- El verde manda : El Delta del tigre, Las Lagunas Encadenadas y la zona pampeana  -- Museos  -- Diversión : Pesca, cabalgatas, motonáutica, juegos de azar, actividades de campo y todas las opciones para hacer de cada visita un juego  --</subfield>
  </datafield>
  <datafield tag="653" ind1=" " ind2=" ">
   <subfield code="a">Geografía</subfield>
  </datafield>
  <datafield tag="653" ind1=" " ind2=" ">
   <subfield code="a">Geografía argentina</subfield>
  </datafield>
  <datafield tag="653" ind1=" " ind2=" ">
   <subfield code="a">Geografía argentina-turismo</subfield>
  </datafield>
  <datafield tag="653" ind1=" " ind2=" ">
   <subfield code="a">Buenos aires [ciudad]</subfield>
  </datafield>
  <datafield tag="653" ind1=" " ind2=" ">
   <subfield code="a">Buenos aires [ciudad]-turismo</subfield>
  </datafield>
  <datafield tag="859" ind1=" " ind2=" ">
   <subfield code="a">CEMS</subfield>
   <subfield code="b">BIB. CEMS - 11 de abril</subfield>
   <subfield code="h">918.204</subfield>
   <subfield code="i">C394-9</subfield>
   <subfield code="p">23096.05</subfield>
   <subfield code="t">Ej.1</subfield>
  </datafield>
 </record>
</collection>
